| 000 | 00712nam a2200217 a 4500 | ||
|---|---|---|---|
| 005 | 20200104041521.0 | ||
| 008 | 160331b1995 xxu||||| |||| 00| 0 spa d | ||
| 040 |
_aCO-BoIAVH _cCO-BoIAVH |
||
| 041 | _aeng | ||
| 082 | 1 | 4 |
_a338.1 _bA28a |
| 110 | 1 | _bUnited Nation Enviroment Programme | |
| 245 | 1 | 0 |
_aAgroecology: _bcreating the synergism for a sustainable agriculture. |
| 260 |
_aNueva York: _bUnited Nations Development Programme, _c1995. |
||
| 300 | _a87 páginas. | ||
| 490 | _aUNDB Guidebook Series | ||
| 650 | 1 | 4 | _aAgroecología |
| 650 | 1 | 4 | _aAgricultura sostenible |
| 650 | 1 | 4 | _aDesarrollo rural |
| 650 | 1 | 4 | _aSistemas de producción agropecuarios |
| 942 |
_cLIBRO _2ddc |
||
| 999 |
_c1445 _d1445 |
||